<?xml version="1.0" encoding="UTF-8"?>
<record
    xmlns:xsi="http://www.w3.org/2001/XMLSchema-instance"
    xsi:schemaLocation="http://www.loc.gov/MARC21/slim http://www.loc.gov/standards/marcxml/schema/MARC21slim.xsd"
    xmlns="http://www.loc.gov/MARC21/slim">

  <leader>01040nam a2200265 i 4500</leader>
  <controlfield tag="001">92926</controlfield>
  <controlfield tag="003">ES-MaACL</controlfield>
  <controlfield tag="005">20250816063133.0</controlfield>
  <controlfield tag="007">t|</controlfield>
  <controlfield tag="008">050331s1982    sp           ||||1| spa d</controlfield>
  <datafield tag="020" ind1=" " ind2=" ">
    <subfield code="a">84-85202-31-7</subfield>
  </datafield>
  <datafield tag="100" ind1="1" ind2=" ">
    <subfield code="a">Livio, Tito,</subfield>
    <subfield code="d">59 a.C.-17 d.C.</subfield>
    <subfield code="9">72600</subfield>
  </datafield>
  <datafield tag="245" ind1="1" ind2="4">
    <subfield code="a">Las d&#xE9;cadas / </subfield>
    <subfield code="c">de Tito Livio ; [versi&#xF3;n de]  Pedro L&#xF3;pez de Ayala ; edici&#xF3;n cr&#xED;tica de los libros I a III, con introducci&#xF3;n y notas por Curt J. Wittlin.</subfield>
  </datafield>
  <datafield tag="260" ind1=" " ind2=" ">
    <subfield code="a">Barcelona : </subfield>
    <subfield code="b">Puvill Libros, </subfield>
    <subfield code="c">1982.</subfield>
  </datafield>
  <datafield tag="300" ind1=" " ind2=" ">
    <subfield code="a">2 v., ; </subfield>
    <subfield code="c">22 cm.</subfield>
  </datafield>
  <datafield tag="490" ind1="1" ind2=" ">
    <subfield code="a">Biblioteca universitaria Puvill. Textos literarios ; </subfield>
    <subfield code="v">6</subfield>
  </datafield>
  <datafield tag="650" ind1="0" ind2="4">
    <subfield code="a">Lengua latina-</subfield>
    <subfield code="v">Textos.</subfield>
    <subfield code="9">14307</subfield>
  </datafield>
  <datafield tag="651" ind1=" " ind2="4">
    <subfield code="a">Roma-</subfield>
    <subfield code="x">Historia-</subfield>
    <subfield code="y">Hasta 510 a. C.</subfield>
    <subfield code="9">9317</subfield>
  </datafield>
  <datafield tag="651" ind1=" " ind2="4">
    <subfield code="a">Roma-</subfield>
    <subfield code="x">Historia-</subfield>
    <subfield code="y">510-265 a.C., Rep&#xFA;blica.</subfield>
    <subfield code="9">148997</subfield>
  </datafield>
  <datafield tag="700" ind1="1" ind2=" ">
    <subfield code="a">L&#xF3;pez de Ayala, Pedro,</subfield>
    <subfield code="d">1332-1407</subfield>
    <subfield code="9">73530</subfield>
  </datafield>
  <datafield tag="700" ind1="1" ind2=" ">
    <subfield code="a">Wittlin, Curt J.</subfield>
    <subfield code="9">117193</subfield>
  </datafield>
  <datafield tag="830" ind1="1" ind2=" ">
    <subfield code="a">Biblioteca universitaria Puvill. Textos literarios ; </subfield>
    <subfield code="v">6</subfield>
    <subfield code="9">232069</subfield>
  </datafield>
  <datafield tag="852" ind1=" " ind2=" ">
    <subfield code="a">ES-MaACL</subfield>
    <subfield code="j">L-4270-71</subfield>
  </datafield>
  <datafield tag="999" ind1=" " ind2=" ">
    <subfield code="c">92926</subfield>
    <subfield code="d">92926</subfield>
  </datafield>
  <datafield tag="952" ind1=" " ind2=" ">
    <subfield code="0">0</subfield>
    <subfield code="1">0</subfield>
    <subfield code="4">0</subfield>
    <subfield code="7">0</subfield>
    <subfield code="a">ATENEOM</subfield>
    <subfield code="b">ATENEOM</subfield>
    <subfield code="c">DEPO2</subfield>
    <subfield code="d">2008-01-17</subfield>
    <subfield code="e">SC</subfield>
    <subfield code="l">0</subfield>
    <subfield code="o">L-4270-71</subfield>
    <subfield code="p">1097009</subfield>
    <subfield code="r">2023-02-23 00:00:00</subfield>
    <subfield code="w">2023-02-23</subfield>
    <subfield code="y">MONOGRAFIA</subfield>
  </datafield>
</record>
